000 00277nam a2200097Ia 4500
005 20250424112847.0
008 250424s9999 xx 000 0 und d
300 _av. , 272 p. : ill. ; 25 cm.
650 _aFinance--Periodicals. Financial institutions--Periodicals.
942 _cSR
999 _c37551
_d37551